000 00667nam a2200265Ia 4500
005 20260324153017.0
008 008 260324s9999 xx 000 0 eng d
020 _a9780081009567
037 _aEBOOK
040 _aCRL
040 _beng
040 _cCRL
041 _2eng
041 _aeng
084 _qCRL
100 _aSiczek, Krzysztof
_9901601
245 0 _aTribological Processes in the Valve Train Systems with Lightweight Valves
260 _bElsevier
260 _c2016
650 _aEngineering
856 _uhttps://www.sciencedirect.com/science/book/9780081009567
942 _cEBOOK
999 _c1841457
_d1841457